[Event "RSA-chT Regions"]
[Site "Cape Town"]
[Date "2016.01.10"]
[Round "6.3"]
[White "Urombo, Ashley"]
[Black "Maluleke, Pfumelani"]
[Result "1-0"]
[WhiteElo "1710"]
[BlackElo "1526"]
[PlyCount "54"]
[EventDate "2016.01.08"]
[EventType "team-swiss"]
[EventRounds "7"]
[EventCountry "RSA"]
[SourceTitle "CBM 170 Extra"]
[Source "ChessBase"]
[SourceDate "2016.02.25"]
[SourceVersion "1"]
[SourceVersionDate "2016.02.25"]
[SourceQuality "1"]
[WhiteTeam "Tshwane White"]
[BlackTeam "Ehlanzeni"]
[WhiteTeamCountry "RSA"]
[BlackTeamCountry "RSA"]

1. d4 Nf6 2. Nf3 g6 3. Nc3 Bg7 4. e4 d6 5. Be3 a6 6. Be2 Nbd7 7. Qd2 Ng4 8. Bg5 c6 9. h3 Ngf6 10. Bh6 0-0 11. 0-0-0 d5 12. Bxg7 Kxg7 13. e5 Ng8 14. h4 h6 15. h5 g5 16. Nxg5 e6 17. Nh3 f5 18. g4 f4 19. Nxf4 Nb6 20. Nh3 Nc4 21. Bxc4 dxc4 22. g5 b5 23. Ne4 hxg5 24. Nhxg5 Rf5 25. Rdg1 Kf8 26. Nh7+ Ke7 27. Rg7+ Ke8 1-0